000 00812 a2200205 4500
005 20080925112058.0
008 080925t xxu||||| |||| 00| 0 eng d
010 _aENG-87890
020 _c750.00
_a8190454643
035 _aEN-71423
037 _bD.B.Act / Pub
082 _a639.3
100 _aGhosh, R.
245 _aFish genetics and endocrinology/
_cby R. Ghosh
260 _aDelhi
_bSwastik Publishers & Distributors
_c2007
270 _a31, Gali No. 1, A Block, Pocket 5, CRP Water Tank, Sonia Vihar
_bDelhi
_e110 094
_k9899462604
300 _a288 p.
_c22 cm. (Hb.)
942 _adpl
_cEN
_k639.3 / GHO
_2ddc
_h639.3
_mGHO
999 _c7265
_d7265